|
|
|
|
| LEADER |
00000cam a2200000 7i4500 |
| 001 |
0000137196 |
| 005 |
20201211.0 |
| 008 |
200709s2020 my a j 000 1 may d |
| 020 |
|
|
|a 9789670947983 (set)
|
| 020 |
|
|
|a 9789672370017
|
| 040 |
|
|
|a PERPUSTAM
|b eng
|c PERPUSTAM
|e rda
|
| 090 |
0 |
0 |
|a J 899.2333
|b ZAB
|
| 100 |
0 |
|
|a Zabri Hazry ,
|d 1969- ,
|e author
|
| 245 |
1 |
0 |
|a Bahasa Cermin Budaya Bangsa
|c Zabri Hazry
|
| 264 |
|
1 |
|a Kuala Lumpur :
|b SEMARAK MURNI ENTERPRISE
|c [2020?]
|
| 300 |
|
|
|a 48 pages :
|b colour illustrations ;
|c 23 cm.
|
| 336 |
|
|
|a text
|2 rdacontent
|
| 337 |
|
|
|a unmediated
|2 rdamedia
|
| 338 |
|
|
|a volume
|2 rdacarrier
|
| 490 |
1 |
|
|a Hikmah Dalam Bahasa Kias
|
| 650 |
1 |
0 |
|a Children's stories, Malay
|
| 650 |
2 |
0 |
|a Didactic fiction, Malay
|
| 650 |
2 |
0 |
|a Proverbs, Malay
|v Fiction
|
| 830 |
|
0 |
|a Hikmah dalam bahasa kias
|
| 999 |
|
|
|a 0000645394
|b Buku
|c Koleksi Pinjaman Kanak-Kanak
|e Perbadanan Perpustakaan Awam Melaka
|
| 999 |
|
|
|a 0000645395
|b Buku
|c Koleksi Pinjaman Kanak-Kanak
|e Perpustakaan Cawangan Jasin
|
| 999 |
|
|
|a 0000645396
|b Buku
|c Koleksi Pinjaman Kanak-Kanak
|e Perpustakaan Cawangan Masjid Tanah
|
| 999 |
|
|
|a 0000645397
|b Buku
|c Koleksi Pinjaman Kanak-Kanak
|e Perpustakaan Cawangan Merlimau
|
| 999 |
|
|
|a 0000645398
|b Buku
|c Koleksi Pinjaman Kanak-Kanak
|e Perbadanan Perpustakaan Awam Melaka
|
| 999 |
|
|
|a 0000645399
|b Buku
|c Koleksi Pinjaman Kanak-Kanak
|e Perbadanan Perpustakaan Awam Melaka
|
| 999 |
|
|
|a 0000645400
|b Buku
|c Koleksi Pinjaman Kanak-Kanak
|e Perpustakaan Komuniti UTC Melaka
|
| 999 |
|
|
|a 0000645401
|b Buku
|c Koleksi Pinjaman Kanak-Kanak
|e Perbadanan Perpustakaan Awam Melaka
|
| 999 |
|
|
|a 0000645402
|b Buku
|c Koleksi Pinjaman Kanak-Kanak
|e Perbadanan Perpustakaan Awam Melaka
|
| 999 |
|
|
|a 0000645403
|b Buku
|c Koleksi Pinjaman Kanak-Kanak
|e Perbadanan Perpustakaan Awam Melaka
|
| 999 |
|
|
|a 0000645404
|b Buku
|c Koleksi Pinjaman Kanak-Kanak
|e Perbadanan Perpustakaan Awam Melaka
|